Największe zamachy w 2024 roku - ciekawostki - Statystyki

Ogólne statystyki
  • Ten quiz został rozwiązany 10 razy
  • Średni wynik to 2 z 6
Statystyki odpowiedzi
Hint Odpowiedź % Poprawnych
Sprawca powyższego zamachu w Iranie Państwo Islamskie
67%
Kto stoi za powyższym zamachem na galerię handlową w Rosji? Państwo Islamskie
67%
Atak terrorystyczny w Niemczech, którego celem był jarmark - w jakim mieście miał miejsce? Magdeburg
50%
Atak terrorysty w niemczech, w wyniku którego zginęła jedna osoba, miał miejsce w mieście: Mannheim
50%
W jakim mieście miał miejsce największy zamach w Iranie w 2024 roku? Kerman
0%
W jakim mieście miał zamach na galerię handlową w Rosji w 2024 roku? Krasnogorsk
0%
Nie znaleziono quizów pasujących do podanych kryteriów
Rozkład punktacji
Procent ludzi z każdym wynikiem
Percentyl według liczby udzielonych odpowiedzi
Twoja historia wyników
Nie rozwiązałeś tego quizu